000 01198nam0a22002651 4500
001 RU\NLR\INFOCOMM_161\5000058819
005 20260406110513.0
035 _a(NLR Aleph) 009158589
090 _a8439665
_c8439665
100 _a20100129d1977 |||y0rusy50 ca
101 1 _afre
_crus
102 _aRU
105 _aa ||||000|y
200 1 _aLa Révolution d'Octobre et le progrès de l'humanité
_eRapport prés. à la séance solennelle du Com. Centr. du P. C. U. S., du Soviet Suprême de l'U. R. S. S. et du Soviet Suprême de la R. S. F. S. R., consacrée au 60-e anniversaire de la Grande Révolution socialiste d'Octobre, 2 nov. 1977
_fL. I. Brejnev
210 _aΜ.
_cÉd. de l'Agence de presse "Novosti"
_d1977
215 _a39 с.
_cпортр.
_d17 см
300 _aВ вып. дан.: Л. И. Брежнев. Великий Октябрь и прогресс человечества
686 _aТ3(2)7, 021"60"
_2rubbk
700 1 _4070
_8rus
_7ca
_aBrežnev
_bL. I.
_f1906-1982
_gLeonid Il'ič
_3RU\NLR\AUTH\77109814
_992739
790 1 _9z02700
_aBrejnev
_bL. I.
_4070
801 1 _aRU
_bNLR
_c20100129
801 0 _aRU
_bNLR
_gPSBO
852 _aNLR
_jИр51 Д-2/372
942 _cBOOK
980 _aNB